Atlantic cooperation and economic growth, planning for the 1970's
Guardat en:
| Autor corporatiu: | |
|---|---|
| Format: | Llibre |
| Idioma: | Undetermined |
| Publicat: |
Boulogne-sur-Seine
The Atlantic Institute
1966
|
| Matèries: | |
| Etiquetes: |
Afegir etiqueta
Sense etiquetes, Sigues el primer a etiquetar aquest registre!
|
| Thư viện lưu trữ: | Trung tâm Học liệu Trường Đại học Cần Thơ |
|---|
| LEADER | 00552nam a2200181Ia 4500 | ||
|---|---|---|---|
| 001 | CTU_83144 | ||
| 008 | 210402s9999 xx 000 0 und d | ||
| 082 | |a 382 | ||
| 082 | |b A864 | ||
| 110 | |a Atlantic Institute | ||
| 245 | 0 | |a Atlantic cooperation and economic growth, planning for the 1970's | |
| 245 | 0 | |c Atlantic Institute | |
| 260 | |a Boulogne-sur-Seine | ||
| 260 | |b The Atlantic Institute | ||
| 260 | |c 1966 | ||
| 650 | |a International economic relations | ||
| 904 | |i QHieu(sửa) | ||
| 980 | |a Trung tâm Học liệu Trường Đại học Cần Thơ | ||